National Resurgence Through Electrol Reforms/ (Record no. 155059)

MARC details
000 -LEADER
fixed length control field 00555nam a22001817a 4500
003 - CONTROL NUMBER IDENTIFIER
control field dpl
005 - DATE AND TIME OF LATEST TRANSACTION
control field 20180806143219.0
008 - FIXED-LENGTH DATA ELEMENTS--GENERAL INFORMATION
fixed length control field 180728b xxu||||| |||| 00| 0 eng d
020 ## - INTERNATIONAL STANDARD BOOK NUMBER
International Standard Book Number 817541118
Terms of availability 0.00
035 ## - SYSTEM CONTROL NUMBER
System control number B-098778, B-098780
040 ## - CATALOGING SOURCE
Original cataloging agency DPL
Language of cataloging EN
Transcribing agency 0
082 ## - DEWEY DECIMAL CLASSIFICATION NUMBER
Classification number 324.60954
245 ## - TITLE STATEMENT
Title National Resurgence Through Electrol Reforms/
Statement of responsibility, etc edited by Subhash C Kashyap
260 ## - PUBLICATION, DISTRIBUTION, ETC. (IMPRINT)
Place of publication, distribution, etc Delhi
Name of publisher, distributor, etc Shipra Publications
Date of publication, distribution, etc 2002
300 ## - PHYSICAL DESCRIPTION
Extent vii;298p;
Dimensions 23cm.(hbk)
500 ## - GENERAL NOTE
General note includes annexure, index
942 ## - ADDED ENTRY ELEMENTS (KOHA)
Source of classification or shelving scheme Dewey Decimal Classification
Koha item type English Books
Classification part 324.60954
Call number suffix NAT
Holdings
Withdrawn status Lost status Source of classification or shelving scheme Damaged status Not for loan Collection code Home library Current library Date acquired Source of acquisition Cost, normal purchase price Total Checkouts Full call number Barcode Date last seen Cost, replacement price Price effective from Koha item type
    Dewey Decimal Classification     Non-fiction Patel Nagar Patel Nagar 28/07/2018 BPPD/PUB 0.00   324.60954 NAT b-098778 28/07/2018 0.00 28/07/2018 English Books
    Dewey Decimal Classification     Non-fiction Shahdara Branch Shahdara Branch 06/08/2018 BPPD/PUB 0.00   324.60954 NAT B-098780 06/08/2018 0.00 06/08/2018 English Books

© Delhi Public Library
Hit Counter
free hit counter